Cheapest Countries - Statistics

General Stats
  • This quiz has been taken 65 times
  • The average score is 10 of 20
Answer Stats
Monthly Cost of Living (USD) Country % Correct
$441 India
81%
$357 Pakistan
69%
$423 Bangladesh
67%
$355 Nigeria
62%
$422 Libya
60%
$392 Nepal
57%
$495 Chad
53%
$455 Bhutan
52%
$472 Algeria
50%
$481 Burundi
48%
$489 South Sudan
48%
$486 Syria
48%
$486 Central African Republic
43%
$452 Tunisia
43%
$493 Eritrea
40%
$478 Ghana
40%
$499 Liberia
40%
$361 Malawi
38%
$498 Eswatini
22%
$491 Kiribati
12%
No matching quizzes found
Score Distribution
Percent of People with Each Score
Percentile by Number Answered
Your Score History
You have not taken this quiz